| 000 | 01487nam0a2200361 4500 | ||
|---|---|---|---|
| 001 | RU\NLR\bibl\1797151 | ||
| 005 | 20250616145123.0 | ||
| 010 |
_a978-5-9669-0829-4 _9210 |
||
| 021 |
_aRU _b2011-53915 _93840 |
||
| 035 | _a(nilc)RSL-KNO-004972840 | ||
| 035 | _a(NLR Aleph) 001787832 | ||
| 090 |
_a1738333 _c1738333 |
||
| 100 | _a20110718d2010 |||y0rusy50 ca | ||
| 101 | 0 | _arus | |
| 102 | _aRU | ||
| 105 | _aa ||||||||| | ||
| 200 | 1 |
_aСталинградский городской Комитет обороны в годы Великой Отечественной войны _fС.Ю. Пищулина _gВолгогр. рег. молодеж. обществ. орг. "Поиск" |
|
| 210 |
_aВолгоград _cИзд-во Волгоградского государственного университета _d2010 |
||
| 215 |
_a184, [1] с. _cил. _d20 |
||
| 320 | _aБиблиогр.: с. 167-185 | ||
| 601 | 0 | 2 |
_aСталинградский городской комитет обороны _92316183 _3RU\NLR\auth\661385910 |
| 686 |
_aТ3(2)722.9-313.9Сталинградская область,02 _2rubbk |
||
| 686 | _aЦ4,6(2)221.1 | ||
| 686 | _aТ3(2)722.112.2 | ||
| 700 | 1 |
_aПищулина _bС. Ю. _gСветлана Юрьевна _4070 |
|
| 801 | 0 |
_aRU _bRuMoRKP _c20110718 _grcr |
|
| 801 | 1 |
_aRU _bРГБ _c20110718 |
|
| 801 | 2 |
_aRU _bNLR _c20110811 _grcr |
|
| 830 | _aавт. по кн. | ||
| 942 | _cBOOK | ||
| 980 | _aNB | ||
| 980 | _aNBR | ||